000 00996nam a22002897a 4500
003 OSt
005 20230719134432.0
008 221006b |||||||| |||| 00| 0 eng d
040 _cBiblioteca Lado V
082 _a700
_bR763p
100 _9903
_aRomero, Luis
_eeditor
245 _aPulgar 16/
_bPublicación Ocasional/
260 _c2004
_bPRINCE CLAUS FOUND
_aVenezuela
300 _c21.5x27.5cm
_a8p.
490 _a3
_v6
505 _aEl deslave de Vargas: Tragedia y muerte
505 _aLa amenaza del "gusano" informático
505 _aCambio de numeracion
505 _aIntervencion
650 _2Tesauro de Arte & Arquitectura
_aARTE
650 _2Tesauro de Arte & Arquitectura
_aFOTOGRAFIA
_9702
650 _2Tesauro de Arte & Arquitectura
_aCULTURA
_9702
650 _2Tesauro de Arte & Arquitectura
_aEXPOSICIONES
650 _2Tesauro de Arte & Arquitectura
_aESPAÑOL
710 _aFundación LA LLAMA
_eeditor
942 _2ddc
_c1
_h700
_iR763p
_n0
999 _c4063
_d4063